000 00874nam a2200289 a 4500
005 20260322212036.0
008 data
010 _a 83020972
020 _a0803674732 (pbk.)
020 _a9780803674738 (pbk.)
040 _dCStRLIN
050 1 _aRT86.3
_b.R63 1984
060 _aWY 87 R662p
096 _aWY 87 R662p 1984
100 1 _aRobinson, Lisa,
_cR.N.
245 1 0 _aPsychological aspects of the care of hospitalized patients /
_cLisa Robinson.
250 _aEd. 4.
260 0 _aPhiladelphia :
_bF.A. Davis Co.,
_cc1984.
300 _axvii, 152 p. :
_bill. ;
_c20 cm.
504 _aIncludes bibliographical references and index.
590 _aIncludes bibliographies and index.
650 0 _aNurse and patient.
650 0 _aNursing
_xPsychological aspects.
650 0 _aHospital patients
_xPsychology.
650 2 _aNurse-Patient Relations.
001 data
999 _c849
_d849